Europe: M - cities on a map Quiz Stats

 Plays Quiz not verified by Sporcle

Challenge
Share
Tweet
Score 0/10 Timer 03:00
1 Play Today
% Correct
Madrid
97.1%
Manchester
93.7%
Munich
91.7%
Milan
91.4%
Minsk
83.6%
Malmö
76.8%
Málaga
63.6%
Murmansk
44.2%
Maastricht
37.4%
Metz
31.2%

You're not logged in!

Compare scores with friends on all Sporcle quizzes.
OR
Log In

You Might Also Like...

Show Comments

Extras

Top Quizzes Today


Score Distribution

Your Account Isn't Verified!

In order to create a playlist on Sporcle, you need to verify the email address you used during registration. Go to your Sporcle Settings to finish the process.

Report this User

Report this user for behavior that violates our Community Guidelines.

Details: